10 państw Europy o największym PKB per capita - Statystyki

Ogólne statystyki
  • Ten quiz został rozwiązany 67 razy
  • Średni wynik to 8 z 10
Statystyki odpowiedzi
PKB per capita (USD) Państwo % Poprawnych
105.997 Luksemburg
92%
47.005 Wielka Brytania
86%
78.939 Norwegia
85%
89.943 Szwajcaria
85%
55.521 Szwecja
85%
61.032 Dania
80%
58.393 Islandia
78%
45.939 Finlandia
76%
50.100 Holandia/Niderlandy
76%
91.783 Irlandia
76%
Nie znaleziono quizów pasujących do podanych kryteriów
Rozkład punktacji
Procent ludzi z każdym wynikiem
Percentyl według liczby udzielonych odpowiedzi
Twoja historia wyników
Nie rozwiązałeś tego quizu